Nghề luyện kim cổ ở miền Đông Nam bộ Việt Nam
Shranjeno v:
| Glavni avtor: | |
|---|---|
| Format: | Knjiga |
| Jezik: | Undetermined |
| Izdano: |
Hà Nội
KHXH
2001
|
| Teme: | |
| Oznake: |
Označite
Brez oznak, prvi označite!
|
| Thư viện lưu trữ: | Trung tâm Học liệu Trường Đại học Cần Thơ |
|---|
| LEADER | 00498nam a2200169Ia 4500 | ||
|---|---|---|---|
| 001 | CTU_46695 | ||
| 008 | 210402s9999 xx 000 0 und d | ||
| 082 | |a 669.028 | ||
| 082 | |b H103 | ||
| 100 | |a NGUYỄN GIANG HẢI | ||
| 245 | 0 | |a Nghề luyện kim cổ ở miền Đông Nam bộ Việt Nam | |
| 245 | 0 | |c NGUYỄN GIANG HẢI | |
| 260 | |a Hà Nội | ||
| 260 | |b KHXH | ||
| 260 | |c 2001 | ||
| 650 | |a mettalurgy | ||
| 980 | |a Trung tâm Học liệu Trường Đại học Cần Thơ | ||